Statistics for Asian Foods by Picture

Click here to take the quiz!

General Stats

  • This quiz has been taken 572 times
  • The average score is 5 of 12

Answer Stats

Answer% Correct
Sushi
98%
Phở
75%
Dumpling
58%
Kebab
57%
Dim Sum
47%
Kimchi
42%
Roti
40%
Paneer
30%
Yogurt
28%
Tea
27%
Pilaf
12%
Malay Sponge Cake
4%

Score Distribution

Percentile by Number Answered

Percent of People with Each Score

Your Score History

You have not taken this quiz